Generazioni dei Pokémon - Quiz n°38 - Statistics

Statistiche generali
  • Questo quiz è stato fatto 3 volte
  • Il punteggio medio è 10 su 15
Statistiche sulle risposte
Hint Risposta % Corretto
Saccoferreo Nona
100%
Gastly Prima
100%
Zubat Prima
100%
Tympole Quinta
100%
Bidoof Quarta
67%
Archeops Quinta
67%
Shiinotic Settima
67%
Jirachi Terza
67%
Altaria Terza
67%
Spheal Terza
67%
Flygon Terza
67%
Falinks Ottava
33%
Clauncher Sesta
33%
Hoopa Sesta
33%
Toxapex Settima
0%
Nessun quiz corrispondente trovato
Distribuzione punteggi
Percentuale di utenti per punteggio
Percentile per numero di risposta
I tuoi punteggi nel tempo
Non hai fatto questo quiz